Vista normal
Vista MARC
Entrada Materia (tema)
Número de registros utilizados en: 1
001 - CONTROL NUMBER
- control field: 52226
003 - CONTROL NUMBER IDENTIFIER
- control field: Co-BoUCM
005 - DATE AND TIME OF LATEST TRANSACTION
- control field: 20131205102327.0
008 - FIXED-LENGTH DATA ELEMENTS
- fixed length control field: 131205|| aca||aabn | a|a d
040 ## - CATALOGING SOURCE
- Original cataloging agency: Co-BoUCM
- Transcribing agency: Co-BoUCM
150 ## - HEADING--TOPICAL TERM
- Topical term or geographic name as entry element: Teología natural
670 ## - SOURCE DATA FOUND
- Source citation: Work cat.: (Co-BoUCM)182467: Barbour, Ian Graeme 1923- 52224, El encuentro entre ciencia y religión, 2004